000 00769nam a2200217 a 4500
003 DO-SdBNP
005 20260305074000.0
007 ta
008 220906e2002 dr ac||gr|||| 00| 0cspa d
040 _aDO-SdBNP
_bspa
_cBNPHU
082 4 _222
_bS588f
245 0 0 _aSímbolos sin fronteras:
_bexposición de 14 pintores dominicanos. /
_cPrólogo, Cándido Gerón
260 _aSanto Domingo :
_bEmbajada de la República Dominicana en México,
_c¿2002?
300 _a[32] p :
_bil. ;
_c26 cm.
650 4 _943702
_aPintores dominicanos
_xBiografía
650 4 _980083
_aPintura dominicana
_xExposiciones
_zMéxico
700 1 _aGerón, Candido,
_d1948-
_epról.
_93577
710 2 _aCentro de información gubernamental (CIG).
_982326
910 _aMFeliz
942 _2ddc
_cLBS1
999 _c52360
_d52360